Popularne polskie piosenki w tym tygodniu. 27.08-02.09.21 - Statystyki

Ogólne statystyki
  • Ten quiz został rozwiązany 42 razy
  • Średni wynik to 12 z 30
Statystyki odpowiedzi
Wykonawca Wyświetlenia Utwór % Poprawnych
Kizo 3.03M Disney
91%
Mata ft. Quebonafide, Malik Montana 2.96M Papuga
77%
Young Leosia ft. Żabson 1.77M Jungle Girl
63%
Alberto 570K Dwutakt
57%
Sobel 871K Fiołkowe Pole
57%
Mata 1.84M Kiss cam (podryw roku)
57%
Mata 596K Patoreakcja
57%
sanah ft. Vito Bambino 1.05M Ale jazz!
54%
Smolasty 2.05M Duże Oczy
51%
Guzior ft. Oskar83 650K FALA
51%
Kizo ft. Oki 1.69M Pogo
51%
sanah 1.28M etc. (na disco)
49%
Diho ft. Alberto, Bibic, Josef Bratan 2.13M Szyby
46%
White 2115 ft. Mata 831K Oh oh (lalala)
43%
Mata ft. White 2115 965K La la la (oh oh)
43%
Kizo ft. Wac Toja 676K Nasze Lato
43%
Zdechły Osa 935K Patolove
43%
Alberto ft. Josef Bratan 1.72M Z BRATEM ZARABIAM PAPIER
43%
Żabson, Kizo & Zetha 689K Puerto Bounce
40%
Kizo 754K Król balu
29%
Magiera ft. Sobel 2.18M Drobna zabawa
26%
Sobel 678K Kinol
26%
Dawid Kwiatkowski 1.55M Proste
26%
Męskie Granie Orkiestra ft. Daria Zawiałow, Dawid Podsiadło, Vito Bambino 2.83M I Ciebie też, bardzo
23%
sanah 1.43M ten Stan
20%
OIO 599K Oni Nie Zamkną Mnie
17%
sanah 591K To koniec
17%
Kubańczyk 799K Kubańczyk
9%
Arne 746K Poranna Rosa
9%
Piękni i Młodzi 706K Jak w bajce (Ti amo)
3%
Nie znaleziono quizów pasujących do podanych kryteriów
Rozkład punktacji
Procent ludzi z każdym wynikiem
Percentyl według liczby udzielonych odpowiedzi
Twoja historia wyników
Nie rozwiązałeś tego quizu